| 000 | 00710cab a2200229 4500 | ||
|---|---|---|---|
| 001 | WB3046-41 | ||
| 008 | 090401t1994 xxu||||| |||| 00| 0 eng d | ||
| 035 | _a(Sirsi) u23618 | ||
| 041 | _aeng | ||
| 245 | _aGovernment set to reduce road buildings | ||
| 260 | _c1994 | ||
| 350 | _a0 | ||
| 490 |
_aFinancial Times _v5 December 1994, 4(1) |
||
| 520 | _aThe British Road Federation predicts that government will significantly reduce the roadbuilding programme following announcements in the 1994 Budget. | ||
| 650 | _aMOTORWAYS | ||
| 650 | _aNEW ROADS | ||
| 650 | _aPUBLIC SPENDING | ||
| 650 | _aROADBUILDING PROGRAMME | ||
| 690 | _aTRANSPORT AND COMMUNICATIONS | ||
| 942 | _n0 | ||
| 948 | _c04/03/1997 | ||
| 999 |
_c15799 _d15799 |
||